| Tag |
First Indicator |
Second Indicator |
Subfields |
| LEADER |
00000cam a2200000Ia 4500 |
| 001 |
in00002003019 |
| 005 |
20220105141746.0 |
| 006 |
m d |
| 007 |
cr cnu---unuuu |
| 008 |
040506s2003 mnuab csb 001 0beng d |
| 020 |
|
|
|a 1575057158 (electronic bk.)
|
| 035 |
|
|
|a (OCoLC)ocm55088320
|
| 040 |
|
|
|a N$T
|c N$T
|d OCLCQ
|d UtOrBLW
|
| 043 |
|
|
|a n-us---
|a n-cn---
|
| 049 |
|
|
|a IKMN
|
| 050 |
1 |
4 |
|a E185.97.C32
|b F47 2003eb
|
| 082 |
0 |
4 |
|a 305.48/896073/0092
|a B
|2 22
|
| 100 |
1 |
|
|a Ferris, Jeri.
|0 http://id.loc.gov/authorities/names/n87908620
|
| 245 |
1 |
0 |
|a Demanding justice :
|b a story about Mary Ann Shadd Cary /
|c by Jeri Chase Ferris ; illustrated by Kimanne Smith.
|
| 264 |
|
1 |
|a Minneapolis :
|b Carolrhoda Books,
|c [2003]
|
| 264 |
|
4 |
|c ©2003
|
| 300 |
|
|
|a 64 pages :
|b illustrations, map ;
|c 23 cm.
|
| 336 |
|
|
|a text
|b txt
|2 rdacontent
|
| 337 |
|
|
|a computer
|b c
|2 rdamedia
|
| 338 |
|
|
|a online resource
|b cr
|2 rdacarrier
|
| 490 |
1 |
|
|a A creative minds biography
|
| 504 |
|
|
|a Includes bibliographical references (pages 61-62) and index.
|
| 505 |
0 |
|
|a Growing up -- Saying what she thinks -- Canada -- A terrible year -- A newspaper of her own -- Change and more change -- A different world, a new life.
|
| 520 |
|
|
|a Describes the life of Mary Ann Shadd Cary, nineteenth-century educator, writer, newspaper editor, and civil rights worker who was the first African-American woman to enter law school or to publish a newspaper.
|
| 533 |
|
|
|a Electronic reproduction.
|b Boulder, Colo. :
|c NetLibrary,
|d 2004.
|n Available via World Wide Web.
|n Access may be limited to NetLibrary affiliated libraries.
|
| 500 |
|
|
|a Electronic resource.
|
| 600 |
1 |
0 |
|a Cary, Mary Ann Shadd,
|d 1823-1893
|v Juvenile literature.
|
| 650 |
|
0 |
|a African American women civil rights workers
|v Biography
|v Juvenile literature.
|0 http://id.loc.gov/authorities/subjects/sh2009113999
|
| 650 |
|
0 |
|a Civil rights workers
|z United States
|v Biography
|v Juvenile literature.
|0 http://id.loc.gov/authorities/subjects/sh2008101054
|
| 650 |
|
0 |
|a African Americans
|x Civil rights
|x History
|y 19th century
|v Juvenile literature.
|
| 650 |
|
0 |
|a Free African Americans
|v Biography
|v Juvenile literature.
|
| 650 |
|
0 |
|a Newspaper editors
|z United States
|v Biography
|v Juvenile literature.
|
| 650 |
|
0 |
|a Educators
|z Canada
|v Biography
|v Juvenile literature.
|
| 600 |
1 |
1 |
|a Cary, Mary Ann Shadd,
|d 1823-1893.
|
| 650 |
|
1 |
|a Educators.
|
| 650 |
|
1 |
|a Civil rights workers.
|
| 650 |
|
1 |
|a African Americans
|v Biography.
|
| 650 |
|
1 |
|a Women
|v Biography.
|
| 655 |
|
7 |
|a Electronic books.
|2 local
|
| 700 |
1 |
|
|a Smith, Kimanne,
|e illustrator.
|0 http://id.loc.gov/authorities/names/n98020713
|
| 710 |
2 |
|
|a NetLibrary, Inc.
|0 http://id.loc.gov/authorities/names/no99080690
|
| 776 |
1 |
|
|c Original
|z 157505177X
|w (DLC) 2002006815
|w (OCoLC)49795348
|
| 830 |
|
0 |
|a Creative minds biography.
|0 http://id.loc.gov/authorities/names/n98089572
|
| 856 |
4 |
1 |
|u https://proxy.library.tamu.edu/login?url=http://www.netLibrary.com/urlapi.asp?action=summary&v=1&bookid=107636
|z Connect to the full text of this electronic book
|t 0
|
| 994 |
|
|
|a 92
|b IKM
|
| 999 |
|
|
|a MARS
|
| 999 |
f |
f |
|s 2b3c2308-0e69-3622-b4d5-4cd49ef5c46e
|i 2121f6f7-95fa-3beb-a725-526fccf213cb
|t 0
|
| 952 |
f |
f |
|a Texas A&M University
|b College Station
|c Electronic Resources
|d Available Online
|t 0
|e E185.97.C32 F47 2003eb
|h Library of Congress classification
|
| 998 |
f |
f |
|a E185.97.C32 F47 2003eb
|t 0
|l Available Online
|